| 000 | 00835nam a22002417i 4500 | ||
|---|---|---|---|
| 003 | DO-SdBNP | ||
| 005 | 20231120090904.0 | ||
| 008 | 210825b20012006 dr||||| |||| 00| 0 eng d | ||
| 040 |
_aDO-SdBNP _bspa _cBNPHU _erda |
||
| 082 |
_aBNPHU PD _bP421d _222 |
||
| 100 | 1 |
_aPepén, Juan F. _913174 |
|
| 245 | 1 | 0 |
_aDonde floreció el naranjo. La Altagracia : _bla Altagracia y significado de su culto / _cMons. Juan F. Pepen. |
| 250 | _a4ta edición . | ||
| 264 |
_aSanto Domingo : _bPeregrino ; _c2001. |
||
| 300 |
_a109 paginas. : _bilustraciones; _c20 cm. |
||
| 336 |
_2rdacontent _atexto _btxt |
||
| 337 |
_2rdamedia _asin mediación _bn |
||
| 338 |
_2rdacarrier _avolumen _bnc |
||
| 500 | _aTextos de la Biblia de la traducción de L. Alonso Scköel y Juan Mateos | ||
| 590 | _aInventariado, 2023/DG | ||
| 910 | _aDG | ||
| 942 |
_2ddc _cLBS1 |
||
| 999 |
_c55519 _d55519 |
||